Simply brilliant : (Record no. 38323)

MARC details
000 -LEADER
fixed length control field 00912nam a22002537a 4500
005 - DATE AND TIME OF LATEST TRANSACTION
control field 20100730160620.0
010 ## - LCCN (DPL NO)
LC control number ENG-97330
020 ## - INTERNATIONAL STANDARD BOOK NUMBER
International Standard Book Number 9788131730799
Terms of availability 325.00
035 ## - SYSTEM CONTROL NUMBER
System control number EN-80863
037 ## - SOURCE OF ACQUISITION
Source of stock number/acquisition DBAD/PUB
082 ## - DEWEY DECIMAL CLASSIFICATION NUMBER
Classification number 658.403
100 ## - MAIN ENTRY--PERSONAL NAME
Personal name Connell, Fergus O
245 ## - TITLE STATEMENT
Title Simply brilliant :
Remainder of title the competitive advantage of common sense
Statement of responsibility, etc by Fergus O'Connell
250 ## - EDITION STATEMENT
Edition statement 3rd. ed.
260 ## - PUBLICATION, DISTRIBUTION, ETC. (IMPRINT)
Place of publication, distribution, etc New Delhi
Name of publisher, distributor, etc Pearson
Date of publication, distribution, etc 2010
270 ## - ADDRESS
Address 14 Local Shopping Centre, Panchsheel Park
City New Delhi
Postal code 110017
300 ## - PHYSICAL DESCRIPTION
Extent xviii, 193p.
Dimensions 22cm, (pbk)
500 ## - GENERAL NOTE
General note includes bibliography
650 ## - SUBJECT ADDED ENTRY--TOPICAL TERM
Topical term or geographic name as entry element Common Sense
650 ## - SUBJECT ADDED ENTRY--TOPICAL TERM
Topical term or geographic name as entry element Problem Solving
650 ## - SUBJECT ADDED ENTRY--TOPICAL TERM
Topical term or geographic name as entry element Executive ability
942 ## - ADDED ENTRY ELEMENTS (KOHA)
Source of classification or shelving scheme Dewey Decimal Classification
Item type English Books
Edition 3rd. ed.
Classification part 658.403
Call number suffix CON
Holdings
Withdrawn status Lost status Not for loan Collection code Home library Current library Date acquired Source of acquisition Cost, normal purchase price Full call number Barcode Copy number Cost, replacement price Koha item type
    Not For Loan Non-fiction D.B.Act.Division D.B.Act.Division 30/07/2010 DBAD/PUB 325.00 658.403 CON EN-80863 1 325.00 English Books

© Delhi Public Library
Hit Counter
free hit counter